Women's studies, and women's movement in India since the 1970s : (Record no. 19081)

MARC details
000 -LEADER
fixed length control field 01113nam a22002774a 4500
005 - DATE AND TIME OF LATEST TRANSACTION
control field 20080801132735.0
008 - FIXED-LENGTH DATA ELEMENTS--GENERAL INFORMATION
fixed length control field 080219s2007 ii b 001 0 eng
010 ## - LCCN (DPL NO)
LC control number ENG-91803
020 ## - INTERNATIONAL STANDARD BOOK NUMBER
Terms of availability 320.00
035 ## - SYSTEM CONTROL NUMBER
System control number EN-75336
037 ## - SOURCE OF ACQUISITION
Source of stock number/acquisition DBAD / PUB
040 ## - CATALOGING SOURCE
Original cataloging agency dpl
Language of cataloging English
082 ## - DEWEY DECIMAL CLASSIFICATION NUMBER
Classification number 305.40954
100 ## - MAIN ENTRY--PERSONAL NAME
Personal name Datta, Kusum.
245 ## - TITLE STATEMENT
Title Women's studies, and women's movement in India since the 1970s :
Remainder of title an overview /
Statement of responsibility, etc by Kusum Datta.
246 ## - VARYING FORM OF TITLE
Title proper/short title Women's studies, and women's movement in India since the nineteen seventies
260 ## - PUBLICATION, DISTRIBUTION, ETC. (IMPRINT)
Place of publication, distribution, etc Kolkata :
Name of publisher, distributor, etc The Asiatic Society,
Date of publication, distribution, etc 2007
300 ## - PHYSICAL DESCRIPTION
Extent xxiii, 342 p. ;
Dimensions 23 cm (Hb)
490 ## - SERIES STATEMENT
Series statement Monograph series ; no. 47
500 ## - GENERAL NOTE
General note Includes bibliographical references and index.
650 ## - SUBJECT ADDED ENTRY--TOPICAL TERM
Topical term or geographic name as entry element Women's studies
Geographic subdivision India
General subdivision History.
650 ## - SUBJECT ADDED ENTRY--TOPICAL TERM
Topical term or geographic name as entry element Feminism
Geographic subdivision India
General subdivision History.
710 ## - ADDED ENTRY--CORPORATE NAME
Corporate name or jurisdiction name as entry element Asiatic Society (Calcutta, India)
942 ## - ADDED ENTRY ELEMENTS (KOHA)
Source of classification or shelving scheme Dewey Decimal Classification
Item type English Books
Call number suffix DAT
Classification part 305.40954
Holdings
Withdrawn status Lost status Source of classification or shelving scheme Damaged status Not for loan Collection code Home library Current library Date acquired Source of acquisition Cost, normal purchase price Total Checkouts Full call number Barcode Date last seen Copy number Cost, replacement price Koha item type
    Dewey Decimal Classification   Not For Loan Non-fiction D.B.Act.Division D.B.Act.Division 25/11/2008 DBAD / PUB 320.00   305.40954 DAT EN-75336 25/11/2008 1 320.00 English Books

© Delhi Public Library
Hit Counter
free hit counter